| 000 | 00420cam a2200181 4500 | ||
|---|---|---|---|
| 001 | D13211 | ||
| 008 | 090401t1926 xxu||||| |||| 00| 0 eng d | ||
| 035 | _a(Sirsi) u8457 | ||
| 041 | _aeng | ||
| 100 | _aLawrance, David M | ||
| 245 | _aImperial taxes and tithe rent charge. | ||
| 250 | _a2nd | ||
| 260 |
_aLondon _bEstates Gazette _c1926 |
||
| 350 | _a0 | ||
| 520 | _aShelf 118 | ||
| 942 | _n0 | ||
| 948 | _c04/03/1997 | ||
| 999 |
_c86516 _d86516 |
||